00165nam a22000857a 4500082001500000100001000015245002700025260001800052300000900070 a291.954ODD aODDIE aReligion in South Asia aManoharc1991 a272p